[Event "Stay Safe Play From Home 391"]
[Site "Emanuel Lasker Arena"]
[Date "2020.08.18"]
[Round "3"]
[White "Fischer_11"]
[Black "IceQueen"]
[Result "0-1"]
[WhiteElo "2006"]
[BlackElo "2332"]
[Annotator "NA"]
[PlyCount "52"]
[EventDate "2020.08.18"]
[EventType "swiss (blitz)"]

1. e4 {[%emt 0:00:02]} c5 {[%emt 0:00:00]} 2. c3 {[%emt 0:00:01]} e6 {[%emt 0:00:00]} 3. d4 {[%emt 0:00:01]} d5 {[%emt 0:00:00]} 4. exd5 {[%emt 0:00:00]} exd5 {[%emt 0:00:00]} 5. Be3 {[%emt 0:00:00]} Nf6 {[%emt 0:00:00]} 6. dxc5 {[%emt 0:00:01]} Nc6 {[%emt 0:00:01]} 7. Bb5 {[%emt 0:00:01]} Ne4 {[%emt 0:00:01]} 8. Nf3 {[%emt 0:00:03]} Bxc5 {[%emt 0:00:02]} 9. Bxc6+ {[%emt 0:00:02]} bxc6 {[%emt 0:00:01]} 10. Qe2 {[%emt 0:00:02]} O-O {[%emt 0:00:01]} 11. O-O {[%emt 0:00:01]} Re8 {[%emt 0:00:01]} 12. Bxc5 {[%emt 0:00:01]} Nxc5 {[%emt 0:00:00]} 13. Qd2 {[%emt 0:00:01]} Ba6 {[%emt 0:00:01]} 14. Re1 {[%emt 0:00:01]} Rxe1+ {[%emt 0:00:01]} 15. Qxe1 {[%emt 0:00:00]} Nd3 {[%emt 0:00:02]} 16. Qd2 {[%emt 0:00:01]} Rb8 {[%emt 0:00:01]} 17. b3 {[%emt 0:00:01]} Qf6 {[%emt 0:00:00]} 18. Nd4 {[%emt 0:00:03]} c5 {[%emt 0:00:02]} 19. Nf3 {[%emt 0:00:04]} Nf4 {[%emt 0:00:02]} 20. Qe3 {[%emt 0:00:04]} h6 {[%emt 0:00:05]} 21. Nbd2 {[%emt 0:00:01]} d4 {[%emt 0:00:04]} 22. cxd4 {[%emt 0:00:02]} cxd4 {[%emt 0:00:00]} 23. Qxd4 {[%emt 0:00:02]} Ne2+ {[%emt 0:00:01]} 24. Kf1 {[%emt 0:00:01]} Nxd4+ {[%emt 0:00:00]} 25. Ke1 {[%emt 0:00:05]} Nxf3+ {[%emt 0:00:00]} 26. Nxf3 {[%emt 0:00:00]} Qxa1+ {[%emt 0:00:01] Fischer_11 gibt auf Fischer_11 gibt auf Fischer_11 gibt auf (Lag: Av=0.39s, max=0.7s) (Lag: Av=0.39s, max=0.7s) (Lag: Av=0.39s, max=0.7s)} 0-1

[Event "Stay Safe Play From Home 391"]
[Site "Emanuel Lasker Arena"]
[Date "2020.08.18"]
[Round "3"]
[White "Padmaesh M K"]
[Black "Lamborghini"]
[Result "0-1"]
[WhiteElo "1952"]
[BlackElo "2304"]
[PlyCount "70"]
[EventDate "2020.08.18"]
[EventType "swiss (blitz)"]

1. e4 {[%emt 0:00:01]} c5 {[%emt 0:00:02]} 2. Nf3 {[%emt 0:00:01]} d6 {[%emt 0:00:00]} 3. d4 {[%emt 0:00:01]} cxd4 {[%emt 0:00:01]} 4. Nxd4 {[%emt 0:00:00]} Nf6 {[%emt 0:00:01]} 5. Nc3 {[%emt 0:00:00]} g6 {[%emt 0:00:00]} 6. Be2 {[%emt 0:00:02]} Bg7 {[%emt 0:00:01]} 7. O-O {[%emt 0:00:01]} O-O {[%emt 0:00:00]} 8. Be3 {[%emt 0:00:01]} Nbd7 {[%emt 0:00:01]} 9. f4 {[%emt 0:00:01]} a6 {[%emt 0:00:01]} 10. Nf3 {[%emt 0:00:02]} Qc7 {[%emt 0:00:01]} 11. Rb1 {[%emt 0:00:02]} b5 {[%emt 0:00:01]} 12. Nd5 {[%emt 0:00:01]} Nxd5 {[%emt 0:00:01]} 13. exd5 {[%emt 0:00:01]} Bb7 {[%emt 0:00:00]} 14. c3 {[%emt 0:00:01]} Nf6 {[%emt 0:00:01]} 15. Nd4 {[%emt 0:00:04]} Bxd5 {[%emt 0:00:01]} 16. Bf3 {[%emt 0:00:01]} Bxf3 {[%emt 0:00:01]} 17. Qxf3 {[%emt 0:00:00]} e6 {[%emt 0:00:05]} 18. Rfd1 {[%emt 0:00:02]} Rac8 {[%emt 0:00:01]} 19. a4 {[%emt 0:00:01]} bxa4 {[%emt 0:00:01]} 20. Ra1 {[%emt 0:00:01]} Qd7 {[%emt 0:00:02]} 21. g4 {[%emt 0:00:06]} d5 {[%emt 0:00:01]} 22. g5 {[%emt 0:00:01]} Ne4 {[%emt 0:00:01]} 23. Ne2 {[%emt 0:00:02]} Nd6 {[%emt 0:00:01]} 24. Nd4 {[%emt 0:00:04]} Nc4 {[%emt 0:00:01]} 25. Qe2 {[%emt 0:00:01]} Rb8 {[%emt 0:00:04]} 26. Rdb1 {[%emt 0:00:03]} Rb7 {[%emt 0:00:02]} 27. Nf3 {[%emt 0:00:01]} Rfb8 {[%emt 0:00:02]} 28. Bd4 {[%emt 0:00:01]} Bxd4+ {[%emt 0:00:03]} 29. cxd4 {[%emt 0:00:00]} Rxb2 {[%emt 0:00:01]} 30. Rxb2 {[%emt 0:00:02]} Rxb2 {[%emt 0:00:00]} 31. Qd1 {[%emt 0:00:01]} Qc7 {[%emt 0:00:02]} 32. Qxa4 {[%emt 0:00:03]} Qxf4 {[%emt 0:00:02]} 33. Qd7 {[%emt 0:00:03]} Kg7 {[%emt 0:00:01]} 34. Qe7 {[%emt 0:00:02]} Qxf3 {[%emt 0:00:01]} 35. Rf1 {[%emt 0:00:01]} Qg2# {[%emt 0:00:01] (Lag: Av=0.44s, max=0.9s) (Lag: Av=0.44s, max=0.9s) (Lag: Av=0.44s, max=0.9s)} 0-1

[Event "Stay Safe Play From Home 391"]
[Site "Emanuel Lasker Arena"]
[Date "2020.08.18"]
[Round "3"]
[White "Haris kollari 13"]
[Black "Stefanone"]
[Result "0-1"]
[WhiteElo "1756"]
[BlackElo "1969"]
[Annotator "NA"]
[PlyCount "54"]
[EventDate "2020.08.18"]
[EventType "swiss (blitz)"]

1. e4 {[%emt 0:00:01]} d6 {[%emt 0:00:01]} 2. f4 {[%emt 0:00:01]} g6 {[%emt 0:00:00]} 3. Nf3 {[%emt 0:00:01]} Bg7 {[%emt 0:00:00]} 4. d4 {[%emt 0:00:00]} c6 {[%emt 0:00:00]} 5. c3 {[%emt 0:00:01]} Nd7 {[%emt 0:00:00]} 6. Bd3 {[%emt 0:00:01]} e5 {[%emt 0:00:00]} 7. dxe5 {[%emt 0:00:02]} dxe5 {[%emt 0:00:00]} 8. Be3 {[%emt 0:00:02]} Ne7 {[%emt 0:00:02]} 9. Bc2 {[%emt 0:00:01]} Qc7 {[%emt 0:00:01]} 10. fxe5 {[%emt 0:00:02]} Nxe5 {[%emt 0:00:01]} 11. O-O {[%emt 0:00:01]} O-O {[%emt 0:00:01]} 12. Qe2 {[%emt 0:00:01]} f5 {[%emt 0:00:01]} 13. exf5 {[%emt 0:00:02]} Nxf5 {[%emt 0:00:00]} 14. Nxe5 {[%emt 0:00:05]} Bxe5 {[%emt 0:00:01]} 15. Bxf5 {[%emt 0:00:07]} Bxf5 {[%emt 0:00:00]} 16. Nd2 {[%emt 0:00:02]} Rae8 {[%emt 0:00:00]} 17. Rae1 {[%emt 0:00:03]} Bxh2+ {[%emt 0:00:01]} 18. Kh1 {[%emt 0:00:01]} Bd6 {[%emt 0:00:01]} 19. Qd1 {[%emt 0:00:08]} Qg7 {[%emt 0:00:02]} 20. Qc1 {[%emt 0:00:02]} Qf6 {[%emt 0:00:07]} 21. Nf3 {[%emt 0:00:01]} Be4 {[%emt 0:00:01]} 22. Bg5 {[%emt 0:00:03]} Qf5 {[%emt 0:00:03]} 23. Nd4 {[%emt 0:00:04]} Qg4 {[%emt 0:00:02]} 24. Qc2 {[%emt 0:00:03]} Bxc2 {[%emt 0:00:02]} 25. Rxf8+ {[%emt 0:00:01]} Rxf8 {[%emt 0:00:01]} 26. Bh6 {[%emt 0:00:02]} Qh5+ {[%emt 0:00:01]} 27. Kg1 {[%emt 0:00:01]} Qh2# {[%emt 0:00:00] (Lag: Av=0.38s, max=0.8s) (Lag: Av=0.38s, max=0.8s) (Lag: Av=0.38s, max=0.8s)} 0-1

[Event "Stay Safe Play From Home 391"]
[Site "Emanuel Lasker Arena"]
[Date "2020.08.18"]
[Round "3"]
[White "Myopix"]
[Black "TheCHESSHOUSE"]
[Result "1-0"]
[WhiteElo "1660"]
[BlackElo "1993"]
[PlyCount "89"]
[EventDate "2020.08.18"]
[EventType "swiss (blitz)"]

1. e4 {[%emt 0:00:01]} c6 {[%emt 0:00:01]} 2. d4 {[%emt 0:00:01]} d5 {[%emt 0:00:01]} 3. Nd2 {[%emt 0:00:01]} dxe4 {[%emt 0:00:01]} 4. Nxe4 {[%emt 0:00:01]} Nf6 {[%emt 0:00:00]} 5. Nxf6+ {[%emt 0:00:02]} exf6 {[%emt 0:00:00]} 6. h3 {[%emt 0:00:02]} Bd6 {[%emt 0:00:01]} 7. Ne2 {[%emt 0:00:02]} O-O {[%emt 0:00:00]} 8. Bf4 {[%emt 0:00:03]} Qc7 {[%emt 0:00:01]} 9. Bg3 {[%emt 0:00:01]} Bf5 {[%emt 0:00:02]} 10. Qd2 {[%emt 0:00:03]} Na6 {[%emt 0:00:02]} 11. Bxd6 {[%emt 0:00:01]} Qxd6 {[%emt 0:00:01]} 12. g4 {[%emt 0:00:02]} Be4 {[%emt 0:00:01]} 13. Rg1 {[%emt 0:00:01]} Nb4 {[%emt 0:00:02]} 14. Rc1 {[%emt 0:00:01]} Nxa2 {[%emt 0:00:01]} 15. Ra1 {[%emt 0:00:03]} Nb4 {[%emt 0:00:01]} 16. Rc1 {[%emt 0:00:02]} Rfe8 {[%emt 0:00:01]} 17. g5 {[%emt 0:00:02]} f5 {[%emt 0:00:01]} 18. Kd1 {[%emt 0:00:02]} Bf3 {[%emt 0:00:03]} 19. Qc3 {[%emt 0:00:01]} Nd5 {[%emt 0:00:01]} 20. Qxf3 {[%emt 0:00:01]} Rad8 {[%emt 0:00:01]} 21. Qxf5 {[%emt 0:00:02]} g6 {[%emt 0:00:01]} 22. Qg4 {[%emt 0:00:02]} c5 {[%emt 0:00:03]} 23. c4 {[%emt 0:00:02]} Nb4 {[%emt 0:00:01]} 24. d5 {[%emt 0:00:01]} b5 {[%emt 0:00:01]} 25. Nf4 {[%emt 0:00:01]} bxc4 {[%emt 0:00:01]} 26. Bxc4 {[%emt 0:00:01]} Qe5 {[%emt 0:00:02]} 27. Rc3 {[%emt 0:00:01]} Qd4+ {[%emt 0:00:01]} 28. Kc1 {[%emt 0:00:01]} Re4 {[%emt 0:00:05]} 29. Rd1 {[%emt 0:00:01]} Qe5 {[%emt 0:00:01]} 30. Nxg6 {[%emt 0:00:01]} hxg6 {[%emt 0:00:01]} 31. Qg3 {[%emt 0:00:01]} Qf5 {[%emt 0:00:03]} 32. d6 {[%emt 0:00:01]} Re6 {[%emt 0:00:04]} 33. Bxe6 {[%emt 0:00:01]} fxe6 {[%emt 0:00:01]} 34. Rc4 {[%emt 0:00:02]} Na2+ {[%emt 0:00:01]} 35. Kd2 {[%emt 0:00:00]} Nb4 {[%emt 0:00:01]} 36. Ke1 {[%emt 0:00:01]} Qc2 {[%emt 0:00:02]} 37. Rxc2 {[%emt 0:00:00]} Nxc2+ {[%emt 0:00:01]} 38. Ke2 {[%emt 0:00:00]} Nd4+ {[%emt 0:00:00]} 39. Kd3 {[%emt 0:00:00]} Nf5 {[%emt 0:00:01]} 40. Qf3 {[%emt 0:00:01]} Rxd6+ {[%emt 0:00:00]} 41. Kc4 {[%emt 0:00:00]} Rc6 {[%emt 0:00:00]} 42. Qxc6 {[%emt 0:00:00]} Kg7 {[%emt 0:00:00]} 43. Rd7+ {[%emt 0:00:00]} Ne7 {[%emt 0:00:03]} 44. Rxe7+ {[%emt 0:00:00]} Kf8 {[%emt 0:00:00]} 45. Qe8# {[%emt 0:00:00] (Lag: Av=0.67s, max=1.1s) (Lag: Av=0.67s, max=1.1s) (Lag: Av=0.67s, max=1.1s)} 1-0

[Event "Stay Safe Play From Home 391"]
[Site "Emanuel Lasker Arena"]
[Date "2020.08.18"]
[Round "3"]
[White "Adsbailey"]
[Black "NTBT_DHS"]
[Result "0-1"]
[WhiteElo "1620"]
[BlackElo "2544"]
[PlyCount "36"]
[EventDate "2020.08.18"]
[EventType "swiss (blitz)"]

1. e4 {[%emt 0:00:04]} g6 {[%emt 0:00:01]} 2. d4 {[%emt 0:00:02]} Bg7 {[%emt 0:00:00]} 3. Nf3 {[%emt 0:00:02]} d6 {[%emt 0:00:00]} 4. Bc4 {[%emt 0:00:02]} Nf6 {[%emt 0:00:01]} 5. Nc3 {[%emt 0:00:01]} O-O {[%emt 0:00:01]} 6. e5 {[%emt 0:00:01]} dxe5 {[%emt 0:00:00]} 7. Nxe5 {[%emt 0:00:02]} Nbd7 {[%emt 0:00:01]} 8. Nxf7 {[%emt 0:00:02]} Rxf7 {[%emt 0:00:01]} 9. Bxf7+ {[%emt 0:00:01]} Kxf7 {[%emt 0:00:00]} 10. O-O {[%emt 0:00:01]} Nb6 {[%emt 0:00:00]} 11. Qf3 {[%emt 0:00:02]} c6 {[%emt 0:00:02]} 12. Bg5 {[%emt 0:00:03]} h6 {[%emt 0:00:01]} 13. Bh4 {[%emt 0:00:03]} Bg4 {[%emt 0:00:02]} 14. Qg3 {[%emt 0:00:07]} Qd6 {[%emt 0:00:01]} 15. Bxf6 {[%emt 0:00:10]} Qxg3 {[%emt 0:00:02]} 16. fxg3 {[%emt 0:00:03]} Bxf6 {[%emt 0:00:01]} 17. h3 {[%emt 0:00:03]} Bf5 {[%emt 0:00:02]} 18. g4 {[%emt 0:00:03]} Bxc2 {[%emt 0:00:01] TimeW TimeW TimeW} 0-1

[Event "Stay Safe Play From Home 391"]
[Site "Emanuel Lasker Arena"]
[Date "2020.08.18"]
[Round "4"]
[White "NTBT_DHS"]
[Black "Padmaesh M K"]
[Result "1-0"]
[WhiteElo "2544"]
[BlackElo "1948"]
[PlyCount "71"]
[EventDate "2020.08.18"]
[EventType "swiss (blitz)"]

1. d4 {[%emt 0:00:01]} d5 {[%emt 0:00:01]} 2. Nf3 {[%emt 0:00:00]} Nf6 {[%emt 0:00:02]} 3. c4 {[%emt 0:00:00]} e6 {[%emt 0:00:01]} 4. g3 {[%emt 0:00:01]} Bb4+ {[%emt 0:00:01]} 5. Bd2 {[%emt 0:00:01]} Qe7 {[%emt 0:00:00]} 6. Bg2 {[%emt 0:00:00]} O-O {[%emt 0:00:01]} 7. O-O {[%emt 0:00:00]} c6 {[%emt 0:00:01]} 8. Nc3 {[%emt 0:00:00]} Nbd7 {[%emt 0:00:01]} 9. Qb3 {[%emt 0:00:00]} a5 {[%emt 0:00:03]} 10. a3 {[%emt 0:00:01]} Bxc3 {[%emt 0:00:01]} 11. Bxc3 {[%emt 0:00:01]} a4 {[%emt 0:00:00]} 12. Qc2 {[%emt 0:00:01]} Nb6 {[%emt 0:00:01]} 13. Ne5 {[%emt 0:00:03]} Nxc4 {[%emt 0:00:02]} 14. Nxc4 {[%emt 0:00:01]} dxc4 {[%emt 0:00:00]} 15. e4 {[%emt 0:00:00]} b5 {[%emt 0:00:03]} 16. Bb4 {[%emt 0:00:00]} Qd7 {[%emt 0:00:02]} 17. Bxf8 {[%emt 0:00:01]} Kxf8 {[%emt 0:00:00]} 18. Rad1 {[%emt 0:00:00]} Bb7 {[%emt 0:00:02]} 19. Rfe1 {[%emt 0:00:01]} Rd8 {[%emt 0:00:01]} 20. e5 {[%emt 0:00:01]} Nd5 {[%emt 0:00:02]} 21. Qxh7 {[%emt 0:00:00]} Qc7 {[%emt 0:00:06]} 22. h4 {[%emt 0:00:01]} Ke7 {[%emt 0:00:03]} 23. Qxg7 {[%emt 0:00:01]} Qc8 {[%emt 0:00:01]} 24. Bxd5 {[%emt 0:00:03]} Rxd5 {[%emt 0:00:01]} 25. h5 {[%emt 0:00:01]} Rd8 {[%emt 0:00:02]} 26. h6 {[%emt 0:00:01]} Rg8 {[%emt 0:00:01]} 27. Qf6+ {[%emt 0:00:00]} Ke8 {[%emt 0:00:01]} 28. Re4 {[%emt 0:00:01]} c5 {[%emt 0:00:01]} 29. h7 {[%emt 0:00:01]} Rf8 {[%emt 0:00:06]} 30. h8=Q {[%emt 0:00:02]} Bxe4 {[%emt 0:00:01]} 31. dxc5 {[%emt 0:00:04]} c3 {[%emt 0:00:05]} 32. Qxf8+ {[%emt 0:00:06]} Kxf8 {[%emt 0:00:01]} 33. Qh8+ {[%emt 0:00:00]} Ke7 {[%emt 0:00:00]} 34. Qxc8 {[%emt 0:00:00]} Bd5 {[%emt 0:00:00]} 35. bxc3 {[%emt 0:00:01]} Bb3 {[%emt 0:00:01]} 36. Qd8# {[%emt 0:00:01] (Lag: Av=0.69s, max=1.0s) (Lag: Av=0.69s, max=1.0s) (Lag: Av=0.69s, max=1.0s)} 1-0

[Event "Stay Safe Play From Home 391"]
[Site "Emanuel Lasker Arena"]
[Date "2020.08.18"]
[Round "4"]
[White "Tran Minh Thang"]
[Black "IceQueen"]
[Result "0-1"]
[WhiteElo "2454"]
[BlackElo "2337"]
[PlyCount "100"]
[EventDate "2020.08.18"]
[EventType "swiss (blitz)"]

1. d4 {[%emt 0:00:01]} d6 {[%emt 0:00:00]} 2. Bf4 {[%emt 0:00:01]} Nf6 {[%emt 0:00:00]} 3. e3 {[%emt 0:00:00]} g6 {[%emt 0:00:00]} 4. Nd2 {[%emt 0:00:00]} Bg7 {[%emt 0:00:00]} 5. Ngf3 {[%emt 0:00:00]} O-O {[%emt 0:00:00]} 6. Be2 {[%emt 0:00:01]} Nc6 {[%emt 0:00:02]} 7. h3 {[%emt 0:00:00]} Re8 {[%emt 0:00:01]} 8. Nc4 {[%emt 0:00:00]} a6 {[%emt 0:00:02]} 9. a4 {[%emt 0:00:01]} Nd5 {[%emt 0:00:01]} 10. Bg3 {[%emt 0:00:01]} f5 {[%emt 0:00:00]} 11. O-O {[%emt 0:00:01]} Nf6 {[%emt 0:00:02]} 12. c3 {[%emt 0:00:01]} Ne4 {[%emt 0:00:00]} 13. Bh2 {[%emt 0:00:00]} Bd7 {[%emt 0:00:01]} 14. Nfd2 {[%emt 0:00:01]} Nxd2 {[%emt 0:00:02]} 15. Qxd2 {[%emt 0:00:00]} e6 {[%emt 0:00:00]} 16. Bf3 {[%emt 0:00:00]} Qf6 {[%emt 0:00:01]} 17. d5 {[%emt 0:00:00]} exd5 {[%emt 0:00:05]} 18. Bxd5+ {[%emt 0:00:00]} Kh8 {[%emt 0:00:00]} 19. a5 {[%emt 0:00:01]} Rad8 {[%emt 0:00:01]} 20. Ra3 {[%emt 0:00:01]} Bc8 {[%emt 0:00:00]} 21. Raa1 {[%emt 0:00:05]} Ne7 {[%emt 0:00:01]} 22. Bf3 {[%emt 0:00:01]} g5 {[%emt 0:00:01]} 23. Qe2 {[%emt 0:00:02]} Ng6 {[%emt 0:00:01]} 24. Bh5 {[%emt 0:00:01]} f4 {[%emt 0:00:00]} 25. Bxg6 {[%emt 0:00:02]} Qxg6 {[%emt 0:00:00]} 26. Qd2 {[%emt 0:00:01]} f3 {[%emt 0:00:01]} 27. gxf3 {[%emt 0:00:11]} Bxh3 {[%emt 0:00:02]} 28. Rfd1 {[%emt 0:00:01]} Qh5 {[%emt 0:00:01]} 29. Qe2 {[%emt 0:00:04]} Rf8 {[%emt 0:00:01]} 30. Nd2 {[%emt 0:00:01]} Rde8 {[%emt 0:00:01]} 31. Bg3 {[%emt 0:00:01]} Bd7 {[%emt 0:00:05]} 32. Ra4 {[%emt 0:00:01]} Bxa4 {[%emt 0:00:01]} 33. Re1 {[%emt 0:00:00]} Bc6 {[%emt 0:00:01]} 34. e4 {[%emt 0:00:01]} Bb5 {[%emt 0:00:01]} 35. c4 {[%emt 0:00:01]} Bd7 {[%emt 0:00:00]} 36. Kg2 {[%emt 0:00:00]} Qh3+ {[%emt 0:00:02]} 37. Kg1 {[%emt 0:00:00]} g4 {[%emt 0:00:00]} 38. f4 {[%emt 0:00:01]} Bd4 {[%emt 0:00:00]} 39. Nf1 {[%emt 0:00:01]} h5 {[%emt 0:00:02]} 40. Qd3 {[%emt 0:00:00]} c5 {[%emt 0:00:01]} 41. Rd1 {[%emt 0:00:02]} h4 {[%emt 0:00:01]} 42. Bh2 {[%emt 0:00:00]} Qxd3 {[%emt 0:00:01]} 43. Rxd3 {[%emt 0:00:00]} Bc6 {[%emt 0:00:00]} 44. Nd2 {[%emt 0:00:00]} Rg8 {[%emt 0:00:02]} 45. Kg2 {[%emt 0:00:01]} Re7 {[%emt 0:00:01]} 46. Rb3 {[%emt 0:00:01]} Rge8 {[%emt 0:00:01]} 47. f5 {[%emt 0:00:00]} Bxe4+ {[%emt 0:00:01]} 48. Nxe4 {[%emt 0:00:00]} Rxe4 {[%emt 0:00:00]} 49. Bxd6 {[%emt 0:00:00]} Re2 {[%emt 0:00:01]} 50. Rxb7 {[%emt 0:00:01]} Rxf2+ {[%emt 0:00:01] Tran Minh Thang resigns Tran Minh Thang resigns Tran Minh Thang resigns (Lag: Av=0.69s, max=1.3s) (Lag: Av=0.69s, max=1.3s) (Lag: Av=0.69s, max=1.3s)} 0-1

[Event "Stay Safe Play From Home 391"]
[Site "Emanuel Lasker Arena"]
[Date "2020.08.18"]
[Round "4"]
[White "Lamborghini"]
[Black "AChessPlayer"]
[Result "1-0"]
[WhiteElo "2308"]
[BlackElo "2426"]
[PlyCount "119"]
[EventDate "2020.08.18"]
[EventType "swiss (blitz)"]

1. e4 {[%emt 0:00:02]} c6 {[%emt 0:00:01]} 2. d4 {[%emt 0:00:01]} d5 {[%emt 0:00:01]} 3. Nc3 {[%emt 0:00:00]} dxe4 {[%emt 0:00:01]} 4. Nxe4 {[%emt 0:00:00]} Nf6 {[%emt 0:00:00]} 5. Nxf6+ {[%emt 0:00:01]} exf6 {[%emt 0:00:00]} 6. Bc4 {[%emt 0:00:01]} Bd6 {[%emt 0:00:00]} 7. Qe2+ {[%emt 0:00:00]} Qe7 {[%emt 0:00:00]} 8. Qxe7+ {[%emt 0:00:01]} Kxe7 {[%emt 0:00:00]} 9. Ne2 {[%emt 0:00:01]} Re8 {[%emt 0:00:00]} 10. Bd3 {[%emt 0:00:03]} f5 {[%emt 0:00:04]} 11. h4 {[%emt 0:00:05]} f6 {[%emt 0:00:05]} 12. c4 {[%emt 0:00:02]} Kf7 {[%emt 0:00:01]} 13. Bd2 {[%emt 0:00:04]} g6 {[%emt 0:00:07]} 14. O-O-O {[%emt 0:00:01]} Nd7 {[%emt 0:00:01]} 15. b3 {[%emt 0:00:01]} Nf8 {[%emt 0:00:01]} 16. Kb2 {[%emt 0:00:01]} h5 {[%emt 0:00:01]} 17. Nf4 {[%emt 0:00:03]} Bd7 {[%emt 0:00:01]} 18. g3 {[%emt 0:00:01]} Ne6 {[%emt 0:00:01]} 19. Nxe6 {[%emt 0:00:01]} Bxe6 {[%emt 0:00:00]} 20. Bc3 {[%emt 0:00:03]} Bd7 {[%emt 0:00:01]} 21. Rhe1 {[%emt 0:00:01]} b5 {[%emt 0:00:01]} 22. Rxe8 {[%emt 0:00:04]} Kxe8 {[%emt 0:00:01]} 23. Re1+ {[%emt 0:00:00]} Kf7 {[%emt 0:00:00]} 24. d5 {[%emt 0:00:02]} b4 {[%emt 0:00:02]} 25. Bd4 {[%emt 0:00:01]} c5 {[%emt 0:00:01]} 26. Be3 {[%emt 0:00:01]} a5 {[%emt 0:00:01]} 27. Bf4 {[%emt 0:00:01]} Bxf4 {[%emt 0:00:02]} 28. gxf4 {[%emt 0:00:00]} Ra6 {[%emt 0:00:02]} 29. Bc2 {[%emt 0:00:01]} Ra7 {[%emt 0:00:04]} 30. Re3 {[%emt 0:00:00]} Bc8 {[%emt 0:00:00]} 31. Kc1 {[%emt 0:00:01]} Bd7 {[%emt 0:00:02]} 32. Bd1 {[%emt 0:00:01]} a4 {[%emt 0:00:03]} 33. bxa4 {[%emt 0:00:01]} Bxa4 {[%emt 0:00:00]} 34. Bf3 {[%emt 0:00:01]} Bd7 {[%emt 0:00:01]} 35. Kb2 {[%emt 0:00:00]} Ra6 {[%emt 0:00:01]} 36. Rb3 {[%emt 0:00:02]} g5 {[%emt 0:00:01]} 37. fxg5 {[%emt 0:00:02]} fxg5 {[%emt 0:00:00]} 38. Bxh5+ {[%emt 0:00:01]} Kg7 {[%emt 0:00:00]} 39. hxg5 {[%emt 0:00:00]} f4 {[%emt 0:00:01]} 40. Bf3 {[%emt 0:00:02]} Bf5 {[%emt 0:00:00]} 41. a3 {[%emt 0:00:00]} Kg6 {[%emt 0:00:01]} 42. axb4 {[%emt 0:00:01]} cxb4 {[%emt 0:00:00]} 43. Rxb4 {[%emt 0:00:00]} Kxg5 {[%emt 0:00:00]} 44. c5 {[%emt 0:00:00]} Kf6 {[%emt 0:00:01]} 45. Rb6+ {[%emt 0:00:00]} Rxb6+ {[%emt 0:00:01]} 46. cxb6 {[%emt 0:00:00]} Bc8 {[%emt 0:00:00]} 47. d6 {[%emt 0:00:00]} Bb7 {[%emt 0:00:00]} 48. Bxb7 {[%emt 0:00:01]} Ke6 {[%emt 0:00:00]} 49. Bf3 {[%emt 0:00:00]} Kxd6 {[%emt 0:00:00]} 50. b7 {[%emt 0:00:00]} Kc7 {[%emt 0:00:00]} 51. Kc3 {[%emt 0:00:01]} Kb8 {[%emt 0:00:00]} 52. Kd4 {[%emt 0:00:00]} Kc7 {[%emt 0:00:00]} 53. Ke5 {[%emt 0:00:00]} Kb8 {[%emt 0:00:00]} 54. Kxf4 {[%emt 0:00:00]} Kc7 {[%emt 0:00:00]} 55. Ke5 {[%emt 0:00:00]} Kb8 {[%emt 0:00:00]} 56. Kd6 {[%emt 0:00:00]} Ka7 {[%emt 0:00:01]} 57. Kc7 {[%emt 0:00:00]} Ka6 {[%emt 0:00:01]} 58. b8=Q {[%emt 0:00:00]} Ka5 {[%emt 0:00:00]} 59. Qb3 {[%emt 0:00:01]} Ka6 {[%emt 0:00:01]} 60. Qb6# {[%emt 0:00:00] (Lag: Av=0.51s, max=1.5s) (Lag: Av=0.51s, max=1.5s) (Lag: Av=0.51s, max=1.5s)} 1-0

[Event "Stay Safe Play From Home 391"]
[Site "Emanuel Lasker Arena"]
[Date "2020.08.18"]
[Round "4"]
[White "Stefanone"]
[Black "Mepe_Nika"]
[Result "0-1"]
[WhiteElo "1977"]
[BlackElo "2375"]
[PlyCount "68"]
[EventDate "2020.08.18"]
[EventType "swiss (blitz)"]

1. d4 {[%emt 0:00:01]} d5 {[%emt 0:00:00]} 2. e3 {[%emt 0:00:00]} c6 {[%emt 0:00:01]} 3. Nf3 {[%emt 0:00:00]} Nf6 {[%emt 0:00:00]} 4. c4 {[%emt 0:00:00]} e6 {[%emt 0:00:01]} 5. cxd5 {[%emt 0:00:00]} exd5 {[%emt 0:00:01]} 6. Nc3 {[%emt 0:00:00]} Bd6 {[%emt 0:00:03]} 7. g3 {[%emt 0:00:00]} O-O {[%emt 0:00:01]} 8. Bg2 {[%emt 0:00:00]} Bg4 {[%emt 0:00:01]} 9. O-O {[%emt 0:00:01]} Nbd7 {[%emt 0:00:00]} 10. h3 {[%emt 0:00:00]} Bxf3 {[%emt 0:00:01]} 11. Bxf3 {[%emt 0:00:02]} Re8 {[%emt 0:00:00]} 12. Re1 {[%emt 0:00:02]} a5 {[%emt 0:00:00]} 13. b3 {[%emt 0:00:01]} Nf8 {[%emt 0:00:01]} 14. Bb2 {[%emt 0:00:01]} Ng6 {[%emt 0:00:01]} 15. e4 {[%emt 0:00:02]} dxe4 {[%emt 0:00:01]} 16. Nxe4 {[%emt 0:00:00]} Nxe4 {[%emt 0:00:01]} 17. Bxe4 {[%emt 0:00:00]} Qg5 {[%emt 0:00:01]} 18. Bxg6 {[%emt 0:00:01]} hxg6 {[%emt 0:00:01]} 19. Qg4 {[%emt 0:00:01]} Qxg4 {[%emt 0:00:02]} 20. hxg4 {[%emt 0:00:00]} Rxe1+ {[%emt 0:00:03]} 21. Rxe1 {[%emt 0:00:02]} a4 {[%emt 0:00:00]} 22. Bc3 {[%emt 0:00:06]} Kf8 {[%emt 0:00:04]} 23. b4 {[%emt 0:00:01]} b5 {[%emt 0:00:03]} 24. a3 {[%emt 0:00:01]} Re8 {[%emt 0:00:00]} 25. Kf1 {[%emt 0:00:01]} Rxe1+ {[%emt 0:00:01]} 26. Kxe1 {[%emt 0:00:00]} Ke7 {[%emt 0:00:00]} 27. Ke2 {[%emt 0:00:00]} Ke6 {[%emt 0:00:00]} 28. Kf3 {[%emt 0:00:01]} Kd5 {[%emt 0:00:01]} 29. Ke3 {[%emt 0:00:01]} Kc4 {[%emt 0:00:00]} 30. Kd2 {[%emt 0:00:00]} Kb3 {[%emt 0:00:00]} 31. f4 {[%emt 0:00:01]} Kxa3 {[%emt 0:00:01]} 32. Kd3 {[%emt 0:00:00]} Kb3 {[%emt 0:00:01]} 33. d5 {[%emt 0:00:01]} cxd5 {[%emt 0:00:01]} 34. Bxg7 {[%emt 0:00:00]} Bxb4 {[%emt 0:00:01] Stefanone abbandona Stefanone abbandona Stefanone abbandona (Lag: Av=0.39s, max=1.1s) (Lag: Av=0.39s, max=1.1s) (Lag: Av=0.39s, max=1.1s)} 0-1